Obálka Náhled e-knihy:
Epub
Pro půjčování e-knih musíte být přihlášeni.
Jak si půjčit online?

Břicho nestvůry : případy vrchního inspektora Gamache /

Další ze série detektivních případů vrchního inspektora Gamache.

Uloženo v:
Série:Případy vrchního inspektora Gamache, část 11
Hlavní autor: Penny, Louise, 1958- (Autor)
Další autoři: Uhlířová, Lenka, 1973- (Autor)
Médium: E-kniha
Jazyk:Czech
Vydáno: Praha : Euromedia Group, 2025
Vydání:Vydání druhé
Témata:
Příbuzné jednotky:Z cyklu:: Případy vrchního inspektora Gamache
Tagy:
Žádné tagy
LEADER 02626nam a2200481 i 4500
001 304676
003 CZ PrSKC
005 20260528063339.0
007 ta
008 250507s2025 xr g 000 f cze
015 |a cnb003673545 
020 |a 9788028404994  |q (vázáno) 
035 |a (OCoLC)1527577504 
040 |a ABG001  |b cze  |e rda 
041 1 |a cze  |h eng 
072 7 |a 821.111-3  |x Anglická próza, anglicky psaná  |2 Konspekt 
080 |a 821.111(71)-31  |2 MRF 
080 |a (0:82-312.4)  |2 MRF 
100 1 |a Penny, Louise,  |d 1958-  |7 pna2013755192  |4 aut 
240 1 0 |a Nature of the beast.  |l Česky 
245 1 0 |a Břicho nestvůry :  |b případy vrchního inspektora Gamache /  |c Louise Pennyová ; přeložila Lenka Uhlířová 
250 |a Vydání druhé 
264 1 |a Praha :  |b Euromedia Group,  |c 2025 
300 |a 459 stran ;  |c 24 cm 
336 |a text  |b txt  |2 rdacontent 
337 |a bez média  |b n  |2 rdamedia 
338 |a svazek  |b nc  |2 rdacarrier 
500 |a "Vydala Euromedia Group, a.s., v edici Kalibr"--Tiráž 
500 |a Přeloženo z angličtiny 
520 2 |a Další ze série detektivních případů vrchního inspektora Gamache.  |b Armand Gamache, bývalý šéf oddělení vražd z Québecku, tráví zasloužený odpočinek ve vesničce Three Pines. Vede zde poměrně idylický venkovský život přesně do chvíle, než zjistí, že devítiletý Laurent Lepage se ztratil. Chlapce valná část vesničanů vnímala jako velkého snílka a fantastu, stále totiž vesnici varoval před nebezpečím; jednou to byly chodící stromy, podruhé invaze mimozemšťanů a okřídlené nestvůry. Když ale chlapec náhle zmizí, nastává nekonečné pátrání, během kterého si inspektor musí připustit, že jeho instinkt tentokrát selhal. 
655 7 |a kanadské romány (anglicky)  |7 fd139325  |2 czenas 
655 7 |a detektivní romány  |7 fd132010  |2 czenas 
655 9 |a Canadian fiction (English)  |2 eczenas 
655 9 |a detective novels  |2 eczenas 
700 1 |a Uhlířová, Lenka,  |d 1973-  |7 ola2007419161  |4 trl 
787 0 8 |i Z cyklu:  |t Případy vrchního inspektora Gamache  |g 11 
900 |a ABA001  |b 20 
928 9 |a Euromedia Group - Kalibr 
928 9 |a Kalibr 
044 |a xr 
910 |a RBIT002 
998 |d 418297  |a https://core.palmknihy.cz/api/books/418297/cover?sudyp2  |b https://core.palmknihy.cz/api/books/418297/cover/400?sudyp2  |c https://core.palmknihy.cz/api/books/418297/cover/50?sudyp2  |e 2029-10-03  |g 464  |i 9788028404994  |j https://core.palmknihy.cz/api/books/418297/preview.epub  |l   |q 49  |r 1  |s https://www.palmknihy.cz/kniha/418297  |t ebook  |y 2025  |z 0  |v Inspektor Gamache  |w 11 
999 |d 304674